000 00855nas a2200277 4500
001 BR2013007019
003 BR-BrBNA
005 20231205122905.0
007 ta
008 230509b bl.|||p| |||| 00| 00por d
040 _aBR-BrBNA
_bpor
_cBiblioteca Nacional de Agricultura
041 _a(Pt)
072 _aQ04; Q03
100 1 _aTenuta Filho, A.
100 1 _aMacedo, L.F.L.
100 1 _aFavaro, D.I.T.
245 1 _aConcentração e retenção do selênio em peixes marinhos
650 _aMICRONUTRIENTE
650 _aVALOR NUTRITIVO
650 _aMERCÚRIO
650 _aTOXIDEZ
773 0 _tCiência e Tecnologia de Alimentos (Brazil)
_xISSN 1678-457X
_g(May 2010), v. 30(Supl. 1) p. 210-214
_wBR2013007019
856 4 0 _uhttp://www.scielo.br/pdf/cta/v30s1/32.pdf
909 _a202311
_bLúcia
_c55
_dLúcia Elande
942 _2AGRIS
_n0
_cANA
999 _c231108
_d231108